000
00225nam a2200085Ia 4500
008
120527s9999 xx 000 0 und d
100
_a
OAKES, et al
245
_a
Enginering air future. An introduction to Enginering
942
_c
BK
999
_c
25549
_d
25549